Carregando...

Inter-state Variations in Rural Non Agricultural Employment: Some Tentative Results.

Detalhes bibliográficos
Autor principal: V. Sankaranarayanan
Formato: Printed Book
Publicado em: Centre for Development Studies-WP104 1980
Acesso em linha:http://10.26.1.76/ks/002866.pdf
LEADER 004220000a22001210004500
100 |a V. Sankaranarayanan 
245 |a Inter-state Variations in Rural Non Agricultural Employment: Some Tentative Results. 
260 |c 1980 
260 |b Centre for Development Studies-WP104 
856 |u http://10.26.1.76/ks/002866.pdf 
942 |c KS 
999 |c 72254  |d 72254 
952 |0 0  |1 0  |4 0  |7 0  |9 64218  |a MGUL  |b MGUL  |d 2015-08-01  |l 0  |r 2015-08-01  |w 2015-08-01  |y KS